Un monde à l’autre - SCH feat. Gims, La Mano paroles - Statistiques

Statistiques générales
  • Ce quiz a été pris 101 fois
    88 depuis la dernière actualisation
  • Le résultat moyen est 213 sur 361
Statistiques - réponses
Réponse % Correct
l’—
97%
à
95%
de
93%
dé—
93%
dé—),
93%
pas
93%
dans
88%
la
88%
la—,
88%
mon
88%
le
86%
d’un
84%
l’autre
84%
monde
84%
passer
84%
ça
83%
ça,
83%
me
79%
comme
78%
ce
76%
ma
76%
un
76%
délivre,
72%
en
72%
quelque
72%
tête,
72%
tête
72%
Tout
72%
tout
72%
cible,
71%
l’eau
71%
chose
69%
et
69%
j’arrive
69%
j’suis
69%
les
69%
pessimiste
69%
pour
69%
qu’on
69%
répondre
69%
évidemment
67%
j’crois
67%
j’dois
67%
qui
67%
stade
67%
coeur
66%
j’attends
66%
optimiste
66%
loupé
64%
Optimus Prime,
64%
t’en
64%
vroum,
64%
vroum
64%
au
62%
c’est
62%
moteur
62%
timide,
62%
vie
62%
dents
60%
scie
60%
sois
60%
Ils
59%
ils
59%
moi,
59%
sont
59%
gasolina,
57%
(gasolina,
57%
m’sortent
57%
shows
57%
chauffer
55%
faut
55%
star
55%
va
55%
attends
53%
cachets
53%
peu,
53%
est —,
52%
est
52%
j’aurais
52%
tennisman,
52%
d’quelques
50%
qu’tu
50%
timing,
48%
tu
48%
l’périmètre
47%
veux
47%
qu’elles
45%
qu’j’remplis
45%
si
45%
veulent
45%
douze
43%
Mano,
43%
on
43%
ouf
43%
beaucoup
41%
chérie,
41%
chevaux
41%
fait
41%
Hitman
41%
holster
41%
l’monde
41%
mienne,
41%
poignet
41%
l’auto’,
40%
obéis-moi
40%
Testarossa
40%
des —,
38%
des
38%
Grr,
38%
grr
38%
(grr)
38%
(grr,
38%
smoke
38%
une
38%
Ah
36%
ah
36%
appelle-moi
36%
(appelle-moi
36%
Appelle-moi
36%
découdre
36%
elle
36%
chiffon
34%
douce
34%
j’ai
34%
mêles
34%
l’tas
33%
Philippe Etchebest
33%
vista
33%
fais
31%
GP800,
29%
mathafack)
29%
Porto Fino,
29%
zéro
29%
(zéro
29%
Chapo Guzmàn
28%
chemise
28%
cherche
28%
découpe
28%
direct,
28%
j’frappe
28%
j’te
28%
ous-s
28%
trop,
28%
Xavi,
28%
concu’,
26%
j’efface
26%
spéciale
26%
t’approche
26%
cahier,
24%
Culiacàn
24%
miss,
24%
oh,
24%
p’tite
24%
M.O.C,
22%
paw
22%
paw)
22%
Revends
22%
tousses
22%
trousse
22%
trousse)
22%
Accroche-toi
21%
(gang,
21%
gang)
21%
opps,
21%
tire
21%
bât’,
19%
line
19%
P.D.
19%
taffe
19%
este
17%
Guerrero Chavo
17%
l’hood
17%
Huracan,
16%
bona,
14%
Krr,
14%
krr,
14%
Jesse Pinkman,
12%
boum)
5%
(grah)
5%
(grah,
5%
grah,
5%
poum,
0%
Aucun quiz correspondant
Distribution des résultats
% des personnes avec chaque résultat
Percentile par nombre de réponses
Votre historique - résultats
Vous n’avez pas pris ce quiz depuis la dernière actualisation